| 000 | 00952na a2200313 4500 | ||
|---|---|---|---|
| 001 | 21095 | ||
| 003 | MIRAKIL | ||
| 005 | 20181213155005.0 | ||
| 008 | 170131b tu 000 0 | ||
| 035 | _a21095 | ||
| 040 |
_aMilas _btur _cTR-AnCHP |
||
| 041 | _atur | ||
| 082 |
_aCHP 338.17372 _bC36ç [201?] |
||
| 090 | _aCHP 338.17372 C36ç [201?] | ||
| 110 | _aCumhuriyet Halk Partisi (CHP) | ||
| 245 |
_aÇaya ve Çaykur'a sahip çıkıyoruz _cCHP |
||
| 260 |
_aAnkara _bCHP _c[201?] |
||
| 300 |
_aktl. broşür _brnk. res. _c20 sm. |
||
| 440 |
_aCumhuriyet Halk Partisi yayınları _pBroşürler |
||
| 610 | _aÇaykur | ||
| 610 |
_aCHP _xTarım sorunları _yÇözüm önerileri |
||
| 610 |
_aCHP _xÇay üretimi _yBroşürler |
||
| 610 |
_aCHP _xPropaganda ve ideolojiler _yTarım politikaları |
||
| 657 | _aCHP tarım politikası | ||
| 657 | _aCHP çay raporu | ||
| 830 | _aCHP broşürleri | ||
| 942 |
_2dcc _cBKS |
||
| 999 |
_c4437 _d4437 |
||